[Event "PRVA LIGA CENTRALNE SRBIJE 2018."]
[Site "Kragujevac"]
[Date "2018.09.22"]
[Round "11.1"]
[White "Zajic, Milan"]
[Black "Atalik, Suat"]
[Result "1/2-1/2"]
[WhiteElo "2497"]
[BlackElo "2512"]
[Annotator "Balkanchess"]
[PlyCount "77"]
[EventDate "2018.??.??"]
[WhiteClock "0:00:49"]
[BlackClock "0:02:17"]

1. e4 e5 2. Nf3 Nc6 3. Bb5 a6 4. Ba4 Nf6 5. d3 b5 6. Bb3 Bc5 7. O-O d6 8. c3
O-O 9. Nbd2 Be6 10. Re1 Re8 11. Nf1 d5 12. Qe2 h6 13. Be3 Bf8 14. Ng3 Na5 15.
Nxe5 Nxb3 16. axb3 dxe4 17. dxe4 Bxb3 18. Nc6 Qc8 19. Bd4 Bd5 20. Bxf6 Bxc6 21.
Bd4 f5 22. Qd3 fxe4 23. Nxe4 Re6 24. Nc5 Rd6 25. Re3 Qg4 26. Rg3 Qf4 27. Re1
Re8 28. Rxe8 Qc1+ 29. Qf1 Qxf1+ 30. Kxf1 Bxe8 31. b4 Bf7 32. Re3 Bc4+ 33. Ke1
Rd8 34. Nxa6 Ra8 35. Nxc7 Ra1+ 36. Kd2 Ra2+ 37. Ke1 Ra1+ 38. Kd2 Ra2+ 39. Ke1
1/2-1/2

[Event "PRVA LIGA CENTRALNE SRBIJE 2018."]
[Site "Kragujevac"]
[Date "2018.09.22"]
[Round "11.1"]
[White "Irizanin, Radoje"]
[Black "Perunovic, Miodrag"]
[Result "0-1"]
[WhiteElo "2296"]
[BlackElo "2433"]
[Annotator "Balkanchess"]
[PlyCount "66"]
[EventDate "2018.??.??"]
[WhiteClock "0:13:30"]
[BlackClock "1:02:57"]

1. d4 Nf6 2. Nf3 e6 3. e3 b6 4. Bd3 Bb7 5. c3 d5 6. Nbd2 Bd6 7. Ne5 O-O 8. f4
Ne4 9. Qf3 f5 10. O-O Nd7 11. g4 Bxe5 12. fxe5 Qg5 13. Qf4 Qxg4+ 14. Qxg4 fxg4
15. Nxe4 dxe4 16. Be2 Rxf1+ 17. Kxf1 h5 18. h3 gxh3 19. Bxh5 Rf8+ 20. Kg1 Rf5
21. Be8 Bc6 22. Kh2 Nxe5 23. Bxc6 Nxc6 24. Kxh3 Rf1 25. b3 Ne7 26. Kg2 Rd1 27.
c4 Nf5 28. Kf2 g5 29. d5 exd5 30. cxd5 g4 31. a4 Kf7 32. a5 Kg6 33. axb6 axb6
0-1

[Event "PRVA LIGA CENTRALNE SRBIJE 2018."]
[Site "Kragujevac"]
[Date "2018.09.22"]
[Round "11.1"]
[White "Mirkovic, Stevan"]
[Black "Radivojevic, Ivan"]
[Result "0-1"]
[WhiteElo "2307"]
[BlackElo "2360"]
[Annotator "Balkanchess"]
[PlyCount "118"]
[EventDate "2018.??.??"]
[WhiteClock "0:20:49"]
[BlackClock "0:15:21"]

1. Nf3 Nf6 2. c4 e6 3. Nc3 Bb4 4. a3 Bxc3 5. bxc3 c5 6. g3 b6 7. Bg2 Bb7 8. O-O
Nc6 9. d3 O-O 10. e4 d6 11. Re1 Nd7 12. Nh4 Qe7 13. f4 Rad8 14. Ra2 Rfe8 15.
Rf2 Qf8 16. Bh3 Ne7 17. f5 exf5 18. Bxf5 Ne5 19. Ref1 Nxf5 20. Nxf5 Bc8 21. Bg5
Bxf5 22. Rxf5 Rd7 23. Qa4 Rc7 24. Qd1 Re6 25. Qe2 Qe8 26. Qc2 f6 27. Bd2 Rf7
28. R5f4 Rf8 29. Rf5 Qd7 30. Bc1 Re7 31. Qd1 Ref7 32. Qe2 Qe6 33. g4 Qc8 34. h3
Qa6 35. g5 fxg5 36. Rxf7 Rxf7 37. Rxf7 Nxf7 38. d4 Qc8 39. Qg2 cxd4 40. cxd4
Qxc4 41. Be3 Qc3 42. Bf2 Qc1+ 43. Kh2 Qxa3 44. Bg3 h6 45. Qc2 Qf3 46. e5 dxe5
47. dxe5 Qd5 48. Qc8+ Qd8 49. Qf5 Qd2+ 50. Kg1 Nd8 51. Qc8 Qd3 52. Bf2 Kh7 53.
Qg4 Qg6 54. Qc4 Ne6 55. Bg3 Qf5 56. Kg2 h5 57. Qe2 g4 58. hxg4 hxg4 59. Qd2 a5
0-1

[Event "PRVA LIGA CENTRALNE SRBIJE 2018."]
[Site "Kragujevac"]
[Date "2018.09.22"]
[Round "11.1"]
[White "Marcetic, Nikola"]
[Black "Gavrilovic, Leonardo"]
[Result "1-0"]
[WhiteElo "2333"]
[BlackElo "2243"]
[Annotator "Balkanchess"]
[PlyCount "91"]
[EventDate "2018.??.??"]
[WhiteClock "0:37:12"]
[BlackClock "0:51:37"]

1. d4 Nf6 2. Bg5 Ne4 3. Bf4 d5 4. Nd2 Nxd2 5. Qxd2 e6 6. Nf3 c5 7. e3 Nc6 8. c3
Be7 9. Bd3 Bd7 10. O-O a5 11. dxc5 Bxc5 12. e4 d4 13. e5 Qb6 14. Ng5 h6 15. Ne4
Ne7 16. cxd4 Bb4 17. Nd6+ Qxd6 18. exd6 Bxd2 19. Bxd2 Nc8 20. Bf4 Bc6 21. Rac1
Kd7 22. d5 exd5 23. Bf5+ Kd8 24. Rfe1 g6 25. Be5 Nxd6 26. Bf6+ Kc7 27. Re7+ Kb6
28. Bd4+ Ka6 29. Rxc6+ bxc6 30. Bd3+ Nb5 31. Bxh8 Rxh8 32. a4 Kb6 33. axb5 c5
34. Rxf7 c4 35. Bxg6 Rd8 36. Kf1 Rd6 37. Bf5 Kc5 38. Ke2 d4 39. Kd2 Kb4 40. Rd7
Rf6 41. g4 d3 42. Rc7 Kxb5 43. Kc3 Rd6 44. Rd7 Rf6 45. Rd5+ Kb6 46. Kxc4 1-0

[Event "PRVA LIGA CENTRALNE SRBIJE 2018."]
[Site "Kragujevac"]
[Date "2018.09.22"]
[Round "11.1"]
[White "Roljevic, Djordje"]
[Black "Zivkovic, Ivan B"]
[Result "1/2-1/2"]
[WhiteElo "2146"]
[BlackElo "2349"]
[Annotator "Balkanchess"]
[PlyCount "24"]
[EventDate "2018.??.??"]
[WhiteClock "1:21:51"]
[BlackClock "0:33:27"]

1. d4 Nf6 2. Nf3 e6 3. Bg5 c5 4. e3 b6 5. d5 exd5 6. Nc3 Be7 7. Nxd5 O-O 8. Bc4
Bb7 9. O-O Nc6 10. Bf4 Nxd5 11. Bxd5 d6 12. Qd2 Nb8 1/2-1/2

[Event "PRVA LIGA CENTRALNE SRBIJE 2018."]
[Site "Kragujevac"]
[Date "2018.09.22"]
[Round "11.2"]
[White "Djordjevic, Vuk"]
[Black "Ivanov, Mikhail M"]
[Result "0-1"]
[WhiteElo "2404"]
[BlackElo "2367"]
[Annotator "Balkanchess"]
[PlyCount "80"]
[EventDate "2018.??.??"]
[WhiteClock "0:33:37"]
[BlackClock "0:53:26"]

1. d4 d5 2. Bf4 Nf6 3. e3 c5 4. c3 Nc6 5. Nd2 cxd4 6. exd4 Bf5 7. Ngf3 e6 8.
Qb3 Qc8 9. Nh4 Bg4 10. h3 Bh5 11. g4 Bg6 12. Nxg6 hxg6 13. Be2 Be7 14. Kf1 Bd8
15. Kg2 Bc7 16. Be3 Rb8 17. Bd3 a6 18. a4 Qd7 19. f4 Ne7 20. Qc2 Bd6 21. Nf3
Qc7 22. Ne5 Nfg8 23. Qe2 f5 24. g5 Bxe5 25. dxe5 Kf7 26. Rhc1 Rd8 27. b4 Nc8
28. a5 Nge7 29. b5 axb5 30. Bxb5 Rh4 31. Qd2 Rdh8 32. Rh1 d4 33. Qxd4 Nd5 34.
c4 Nxe3+ 35. Qxe3 Ne7 36. Kg3 Qd8 37. Ra3 Rg4+ 38. Kh2 Rxh3+ 39. Qxh3 Qd2+ 40.
Qg2 Qxg2# 0-1

[Event "PRVA LIGA CENTRALNE SRBIJE 2018."]
[Site "Kragujevac"]
[Date "2018.09.22"]
[Round "11.2"]
[White "Radovanovic, Jovica"]
[Black "Radovanovic, Mihajlo"]
[Result "0-1"]
[WhiteElo "2322"]
[BlackElo "2427"]
[Annotator "Balkanchess"]
[PlyCount "110"]
[EventDate "2018.??.??"]
[WhiteClock "0:00:32"]
[BlackClock "0:11:28"]

1. d4 Nf6 2. c4 g6 3. Nf3 Bg7 4. g3 O-O 5. Bg2 d6 6. O-O Nc6 7. Nc3 Bf5 8. d5
Na5 9. Nd2 c5 10. e4 Bd7 11. Qc2 a6 12. b3 b5 13. Rb1 Rb8 14. Bb2 h5 15. Nd1 e5
16. Ne3 h4 17. Bc3 b4 18. Bb2 Nh5 19. Rbe1 Nb7 20. Qd1 hxg3 21. fxg3 Nf6 22.
Qf3 a5 23. h4 Qc8 24. a4 bxa3 25. Bc3 a4 26. bxa4 Ra8 27. Ra1 Rxa4 28. Ra2 Ng4
29. Rfa1 Bh6 30. Nxg4 Bxg4 31. Qd3 Qa8 32. Nb1 Qa6 33. Bf1 f5 34. Rxa3 Rxa3 35.
Nxa3 f4 36. Nb5 Qb6 37. Bd2 Qd8 38. Ra2 Qf6 39. Bc1 Nd8 40. Rf2 Nf7 41. Be2 Bd7
42. Bd2 Ra8 43. Be1 g5 44. Bh5 g4 45. Bxf7+ Kxf7 46. Bc3 Ke7 47. Rf1 Ra6 48.
Qb1 Qg6 49. Kg2 Ra4 50. Qd3 Qh5 51. Bd2 Ra2 52. Kg1 f3 53. Be3 Rg2+ 54. Kh1
Rxg3 55. Rf2 Rh3+ 0-1

[Event "PRVA LIGA CENTRALNE SRBIJE 2018."]
[Site "Kragujevac"]
[Date "2018.09.22"]
[Round "11.2"]
[White "Pezelj, Novak"]
[Black "Colovic, Dusan"]
[Result "1/2-1/2"]
[WhiteElo "2457"]
[BlackElo "2296"]
[Annotator "Balkanchess"]
[PlyCount "20"]
[EventDate "2018.??.??"]
[WhiteClock "1:32:32"]
[BlackClock "1:33:22"]

1. d4 d5 2. Bf4 Nf6 3. e3 e6 4. Be2 Be7 5. Nf3 O-O 6. Nbd2 c5 7. c3 Nc6 8. h3
b6 9. O-O Bb7 10. Ne5 Bc8 1/2-1/2

[Event "PRVA LIGA CENTRALNE SRBIJE 2018."]
[Site "Kragujevac"]
[Date "2018.09.22"]
[Round "11.2"]
[White "Rajkovic, Mladen"]
[Black "Jesic, Dusan"]
[Result "1/2-1/2"]
[WhiteElo "2304"]
[BlackElo "2322"]
[Annotator "Balkanchess"]
[PlyCount "65"]
[EventDate "2018.??.??"]
[WhiteClock "0:33:23"]
[BlackClock "0:38:45"]

1. e4 c5 2. Nf3 d6 3. d4 cxd4 4. Nxd4 Nf6 5. f3 a6 6. c4 e6 7. Nc3 Be7 8. Be3
O-O 9. Be2 b6 10. O-O Bb7 11. Rc1 Nbd7 12. a3 Re8 13. b4 Rc8 14. Qd2 Qc7 15.
Rfd1 Qb8 16. Kh1 Bd8 17. Nb3 Bc7 18. Bf4 Ne5 19. Bxe5 dxe5 20. c5 b5 21. a4
bxa4 22. Nxa4 Bc6 23. Nb2 Bb5 24. Bc4 Qb7 25. Qe2 Rb8 26. Bxb5 Qxb5 27. Qxb5
Rxb5 28. Nd3 Nd7 29. c6 Nb8 30. Nbc5 Rd8 31. Nb7 Rd4 32. Na5 Kf8 33. Kg1
1/2-1/2

[Event "PRVA LIGA CENTRALNE SRBIJE 2018."]
[Site "Kragujevac"]
[Date "2018.09.22"]
[Round "11.3"]
[White "Stankovic, Milos"]
[Black "Simic, Dragisa"]
[Result "1-0"]
[WhiteElo "2443"]
[BlackElo "2299"]
[Annotator "Balkanchess"]
[PlyCount "64"]
[EventDate "2018.??.??"]
[WhiteClock "0:30:59"]
[BlackClock "0:11:04"]

1. e4 c5 2. Nf3 d6 3. Bb5+ Bd7 4. Bxd7+ Qxd7 5. O-O Nf6 6. Qe2 Nc6 7. Rd1 Rc8
8. c3 e6 9. d4 cxd4 10. Bg5 d3 11. Qxd3 Be7 12. Na3 Ne5 13. Nxe5 dxe5 14. Qg3
Qc7 15. Bxf6 gxf6 16. Qg7 Rf8 17. Nc2 Qc4 18. Qxh7 Bc5 19. Qh4 Ke7 20. Ne3 Bxe3
21. fxe3 Rh8 22. Qg4 Rcg8 23. Qf3 Rh4 24. Rd2 Qxe4 25. Qxe4 Rxe4 26. Rad1 f5
27. Rd7+ Kf6 28. Rxb7 Rxe3 29. Rdd7 Rg7 30. Kf2 f4 31. Rxa7 f3 32. Kxe3 fxg2
1-0

[Event "PRVA LIGA CENTRALNE SRBIJE 2018."]
[Site "Kragujevac"]
[Date "2018.09.22"]
[Round "11.3"]
[White "Nestorovic, Dejan"]
[Black "Biljanic, Ljubomir"]
[Result "1/2-1/2"]
[WhiteElo "2340"]
[BlackElo "2212"]
[Annotator "Balkanchess"]
[PlyCount "104"]
[EventDate "2018.??.??"]
[WhiteClock "0:03:20"]
[BlackClock "0:20:03"]

1. d4 Nf6 2. c4 e6 3. Nc3 Bb4 4. e3 Nc6 5. Bd3 d5 6. Nf3 a6 7. O-O O-O 8. Qc2
dxc4 9. Bxc4 Bd6 10. Rd1 Qe7 11. e4 e5 12. Bg5 Nb4 13. Qe2 h6 14. Bh4 Bg4 15.
dxe5 Bxe5 16. h3 Bxf3 17. Qxf3 g5 18. Bg3 Nc2 19. Rac1 Nd4 20. Rxd4 Bxd4 21. e5
Bxc3 22. Rxc3 Nh7 23. Qf5 Rad8 24. e6 f6 25. Bb3 c6 26. Qg6+ Kh8 27. Qxh6 Rd2
28. Kh2 Rxb2 29. Qg6 Rd8 30. Rf3 Re2 31. h4 Qg7 32. Qf5 Qh6 33. Rd3 Re8 34. Rd7
b5 35. Rf7 a5 36. Qf3 R2xe6 37. Bxe6 Rxe6 38. Qf5 Re8 39. Qd7 Rg8 40. Qxc6 gxh4
41. Be5 Rf8 42. Rb7 h3 43. Rxb5 hxg2+ 44. Kxg2 Ng5 45. Bg3 Rd8 46. Rb1 Qh3+ 47.
Kg1 Qf5 48. Rc1 Kg7 49. a4 Kg6 50. Kg2 Qh3+ 51. Kg1 Qf5 52. Kg2 Ne4 1/2-1/2

[Event "PRVA LIGA CENTRALNE SRBIJE 2018."]
[Site "Kragujevac"]
[Date "2018.09.22"]
[Round "11.3"]
[White "Adzic, Momcilo"]
[Black "Markovic, Zoran S"]
[Result "1/2-1/2"]
[WhiteElo "2265"]
[BlackElo "2346"]
[Annotator "Balkanchess"]
[PlyCount "92"]
[EventDate "2018.??.??"]
[WhiteClock "0:28:01"]
[BlackClock "0:27:31"]

1. e4 c5 2. Nc3 Nc6 3. g3 g6 4. Bg2 Bg7 5. Nge2 Rb8 6. O-O b5 7. Nd5 e6 8. Ne3
Nge7 9. f4 d5 10. d3 dxe4 11. dxe4 O-O 12. e5 b4 13. c4 f6 14. exf6 Bxf6 15.
Qc2 Nd4 16. Nxd4 Bxd4 17. Kh1 Qc7 18. Rb1 Nc6 19. Qe4 Rb6 20. Nc2 e5 21. Ne3
Ne7 22. Bd2 exf4 23. Rxf4 Rxf4 24. Qxf4 Be5 25. Qf2 Bd4 26. Qe2 Qe5 27. Re1 Re6
28. Qd1 Qd6 29. Nd5 Bb7 30. Bf4 Qd7 31. Rxe6 Qxe6 32. Nxe7+ Qxe7 33. b3 Bxg2+
34. Kxg2 Qe4+ 35. Qf3 Qe7 36. Qd5+ Kg7 37. Kf3 Qe1 38. Qb7+ Kg8 39. Qa8+ Kg7
40. Qxa7+ Kg8 41. Qb8+ Kg7 42. Qc7+ Kg8 43. Qd8+ Kf7 44. Qd7+ Kg8 45. Qh3 Qd1+
46. Ke4 Qh1+ 1/2-1/2

[Event "PRVA LIGA CENTRALNE SRBIJE 2018."]
[Site "Kragujevac"]
[Date "2018.09.22"]
[Round "11.3"]
[White "Dimitrijevic, Radmilo"]
[Black "Vuksanovic, Zvezdan"]
[Result "0-1"]
[WhiteElo "2247"]
[BlackElo "2158"]
[PlyCount "50"]
[EventDate "2018.??.??"]

1. e4 g6 2. d4 d6 3. Nc3 Bg7 4. Be3 c6 5. Qd2 Nd7 6. f3 b5 7. d5 b4 8. dxc6
bxc3 9. cxd7+ Bxd7 10. bxc3 Qa5 11. Bd4 Nf6 12. Bd3 e5 13. Be3 d5 14. Ne2 dxe4
15. fxe4 Bc6 16. Ng3 h5 17. h4 Ng4 18. c4 Qa3 19. O-O O-O 20. Qc1 Qe7 21. Bg5
f6 22. Be3 f5 23. Bg5 Qc5+ 24. Kh1 Nf2+ 25. Kg1 f4 0-1

[Event "PRVA LIGA CENTRALNE SRBIJE 2018."]
[Site "Kragujevac"]
[Date "2018.09.22"]
[Round "11.4"]
[White "Soysal, Serkan"]
[Black "Ristic, Nenad"]
[Result "1/2-1/2"]
[WhiteElo "2404"]
[BlackElo "2359"]
[PlyCount "145"]
[EventDate "2018.??.??"]

1. d4 Nf6 2. Nf3 g6 3. c4 Bg7 4. Nc3 d5 5. h4 c5 6. dxc5 Qa5 7. cxd5 Nxd5 8.
Qxd5 Bxc3+ 9. Bd2 Be6 10. Qd3 Bxd2+ 11. Qxd2 Qxd2+ 12. Kxd2 Na6 13. e4 Nxc5 14.
Ke3 O-O 15. Ng5 Rac8 16. h5 f6 17. Nxe6 Nxe6 18. b3 Kg7 19. Bc4 Nc5 20. Rac1
Rfd8 21. b4 Na6 22. h6+ Kf8 23. a3 Nc7 24. f4 e6 25. f5 gxf5 26. exf5 exf5 27.
Rhd1 Ke7 28. Re1 Kf8 29. Red1 Ke7 30. Re1 Kf8 31. Kf4 b5 32. Bf1 Ne6+ 33. Kxf5
Nd4+ 34. Kxf6 Rd6+ 35. Kg5 Rcd8 36. Re5 a6 37. Kh5 Rf6 38. g4 Rf2 39. g5 Nf5
40. Bh3 Ng3+ 41. Kh4 Ne2 42. g6 Nxc1 43. gxh7 Kf7 44. Kg5 Nd3 45. Be6+ Ke7 46.
Re3 Rh8 47. Bf5+ Kd6 48. Rxd3+ Ke5 49. Re3+ Kd4 50. Re7 Rf8 51. Rf7 Rh8 52. Kf6
Rb8 53. Kg7 Rg2+ 54. Bg6 Kc4 55. h8=Q Rxh8 56. Kxh8 Rxg6 57. Kh7 Rg3 58. Rg7
Rxa3 59. Rg4+ Kb3 60. Kg7 Ka4 61. h7 Rh3 62. h8=Q Rxh8 63. Kxh8 a5 64. bxa5+
Kxa5 65. Kg7 b4 66. Kf6 b3 67. Ke5 b2 68. Rg8 Kb4 69. Kd4 Kb3 70. Rg3+ Ka2 71.
Rg2 Ka1 72. Rxb2 Kxb2 73. Ke4 1/2-1/2

[Event "PRVA LIGA CENTRALNE SRBIJE 2018."]
[Site "Kragujevac,hotel Sumarice"]
[Date "2018.09.22"]
[Round "11.4"]
[White "Radovic, Luka"]
[Black "Ilic, Zoran S"]
[Result "1/2-1/2"]
[WhiteElo "2342"]
[BlackElo "2307"]
[PlyCount "24"]
[EventDate "2018.09.14"]
[WhiteTeam "Radnicki Vodovod Kragujevac"]
[BlackTeam "Jasenica S.Palanka"]

1. Nf3 c5 2. c4 Nc6 3. g3 g6 4. Bg2 Bg7 5. O-O d6 6. Nc3 e6 7. e3 Nge7 8. d4
O-O 9. b3 cxd4 10. Nxd4 Nxd4 11. exd4 Nf5 12. Ne2 Rb8 1/2-1/2

[Event "PRVA LIGA CENTRALNE SRBIJE 2018."]
[Site "Kragujevac,hotel Sumarice"]
[Date "2018.09.22"]
[Round "11.5"]
[White "Popchev, Milko"]
[Black "Atakisi, Umut"]
[Result "1/2-1/2"]
[WhiteElo "2267"]
[BlackElo "2397"]
[PlyCount "101"]
[EventDate "2018.09.14"]
[WhiteTeam "Krusik Valjevo"]
[BlackTeam "OSK Paracin  Paracin"]

1. d4 Nf6 2. Nf3 e6 3. c3 c5 4. e3 b6 5. Bd3 Bb7 6. Qe2 Nc6 7. O-O Be7 8. a3 d5
9. Nbd2 O-O 10. b4 Qc7 11. Bb2 c4 12. Bc2 b5 13. e4 dxe4 14. Nxe4 Nxe4 15. Bxe4
Rae8 16. a4 a6 17. axb5 axb5 18. Bc1 f5 19. Bxc6 Qxc6 20. Bf4 g5 21. Be5 g4 22.
Ne1 Ra8 23. Rxa8 Rxa8 24. Qe3 Qe8 25. f3 Qg6 26. Bf4 Bd5 27. fxg4 Qxg4 28. h3
Qg6 29. Kh2 Ra1 30. Rg1 Ra2 31. Nf3 Bf6 32. Nd2 Kf7 33. Nf3 Kg8 34. Nd2 h5 35.
Nf3 h4 36. Kh1 Qh5 37. Be5 Be7 38. Bf4 Bf6 39. Be5 Be7 40. Bf4 Kf8 41. Rf1 Be4
42. Rf2 Rxf2 43. Qxf2 Ke8 44. Kh2 Bd5 45. Qe2 Bf6 46. Qe3 Ke7 47. Qe2 Ke8 48.
Qe3 Be7 49. Qe2 Bf6 50. Qe3 Be7 51. Qe2 1/2-1/2

[Event "PRVA LIGA CENTRALNE SRBIJE 2018."]
[Site "Kragujevac,hotel Sumarice"]
[Date "2018.09.22"]
[Round "11.5"]
[White "Mladenovic, Stefan"]
[Black "Kostic, Vladimir G"]
[Result "0-1"]
[WhiteElo "2355"]
[BlackElo "2334"]
[PlyCount "110"]
[EventDate "2018.09.14"]
[WhiteTeam "OSK Paracin  Paracin"]
[BlackTeam "Krusik Valjevo"]

1. d4 Nf6 2. Nf3 g6 3. Bf4 Bg7 4. e3 d6 5. Be2 O-O 6. O-O Nbd7 7. h3 b6 8. a4
a5 9. c3 Bb7 10. Bh2 Ne4 11. b4 e5 12. Qb3 exd4 13. cxd4 axb4 14. Qxb4 Ra5 15.
Na3 Rh5 16. Nc4 Ndf6 17. a5 Nd5 18. Qb2 Ndc3 19. Bd3 Ng5 20. Nxg5 Rxg5 21. f3
Nd5 22. axb6 cxb6 23. e4 b5 24. Nxd6 Qb6 25. Nxb5 Ne3 26. Rf2 Nxg2 27. Rxg2
Rxb5 28. Qxb5 Qxd4+ 29. Kh1 Qxa1+ 30. Rg1 Qd4 31. Kg2 Bc8 32. Rd1 Bd7 33. Qb7
Be6 34. Be2 Qe3 35. Qb5 Qh6 36. Bd6 Qxh3+ 37. Kf2 Rc8 38. Bg3 Bf8 39. Qg5 h6
40. Qh4 Bc5+ 41. Ke1 Qg2 42. Rd8+ Kh7 43. Rxc8 Bxc8 44. Bf2 Bb4+ 45. Kd1 Be6
46. Qg3 Qh1+ 47. Qg1 Qh5 48. Bb6 Qh4 49. Qf2 Qf4 50. Qe3 Qd6+ 51. Kc2 Qc6+ 52.
Kb2 Qa4 53. Bd4 Qa2+ 54. Kc1 Ba3+ 55. Kd1 Qb1+ 0-1

[Event "PRVA LIGA CENTRALNE SRBIJE 2018."]
[Site "Kragujevac,hotel Sumarice"]
[Date "2018.09.22"]
[Round "11.5"]
[White "Ivanovic, Dragutin"]
[Black "Cvetanovic, Uros"]
[Result "1-0"]
[WhiteElo "2307"]
[BlackElo "2295"]
[PlyCount "69"]
[EventDate "2018.09.14"]
[WhiteTeam "Krusik Valjevo"]
[BlackTeam "OSK Paracin  Paracin"]

1. Nf3 Nf6 2. g3 d6 3. d4 Nbd7 4. Bg2 e5 5. O-O g6 6. Bg5 Bg7 7. dxe5 dxe5 8.
Qc1 h6 9. Bd2 Qe7 10. Nc3 c6 11. e4 Nc5 12. Re1 Qc7 13. h3 Ne6 14. b4 Nd7 15.
Rb1 Nb6 16. Bf1 Ng5 17. Nxg5 hxg5 18. Bxg5 f6 19. Be3 Bxh3 20. Bxh3 Rxh3 21.
Kg2 Rh7 22. Rh1 Rxh1 23. Qxh1 Kf7 24. Qf1 Bf8 25. a4 Be7 26. a5 Nd7 27. Qc4+
Kg7 28. b5 Nf8 29. Nd5 Qd8 30. Nxe7 Qxe7 31. bxc6 bxc6 32. Qxc6 Rd8 33. Bc5 Qf7
34. Bxf8+ Kxf8 35. Rb7 1-0

[Event "PRVA LIGA CENTRALNE SRBIJE 2018."]
[Site "Kragujevac,hotel Sumarice"]
[Date "2018.09.22"]
[Round "11.5"]
[White "Zivkovic, Dejan"]
[Black "Markovic, Milan D"]
[Result "1-0"]
[WhiteElo "2290"]
[BlackElo "2247"]
[PlyCount "82"]
[EventDate "2018.09.14"]
[WhiteTeam "Krusik Valjevo"]
[BlackTeam "OSK Paracin  Paracin"]

1. d4 Nf6 2. Bg5 c5 3. d5 Ne4 4. Bf4 Qb6 5. Qc1 c4 6. e3 Qa5+ 7. Nd2 c3 8. bxc3
Qxd5 9. Nxe4 Qxe4 10. Nf3 d6 11. Qb2 a6 12. Bd3 Qd5 13. e4 Qa5 14. e5 d5 15.
O-O e6 16. c4 dxc4 17. Bxc4 Nc6 18. c3 Ba3 19. Qc2 Bd7 20. Rad1 h6 21. Rfe1 g5
22. Bg3 O-O-O 23. h4 Be7 24. h5 Qc5 25. Bd3 Kb8 26. Nd2 Rc8 27. Nb3 Qa3 28.
Bxa6 Rhd8 29. Bc4 Na5 30. Nxa5 Qxa5 31. Bb3 Rxc3 32. Qh7 Be8 33. Rxd8+ Bxd8 34.
Rd1 Rxg3 35. fxg3 Bb6+ 36. Kh2 Bc6 37. Qxf7 Qxe5 38. Qxe6 Qc5 39. Bd5 g4 40.
Qf7 Bc7 41. Bxc6 Qe5 1-0

[Event "PRVA LIGA CENTRALNE SRBIJE 2018."]
[Site "Kragujevac,hotel Sumarice"]
[Date "2018.09.22"]
[Round "11.5"]
[White "Dimitrijevic, Nenad"]
[Black "Zivanovic, Bojan"]
[Result "1/2-1/2"]
[WhiteElo "2216"]
[BlackElo "2093"]
[PlyCount "48"]
[EventDate "2018.09.14"]
[WhiteTeam "OSK Paracin  Paracin"]
[BlackTeam "Krusik Valjevo"]

1. g3 g6 2. Bg2 Bg7 3. e4 e5 4. Nc3 Ne7 5. d3 O-O 6. Nge2 c6 7. d4 exd4 8. Nxd4
d5 9. exd5 Nxd5 10. Nxd5 cxd5 11. O-O Nc6 12. Be3 Ne5 13. c3 Nc4 14. Bc1 h5 15.
Re1 Bg4 16. f3 Bd7 17. b3 Ne5 18. Bf4 Re8 19. Qd2 Rc8 20. Re2 Qe7 21. a4 a5 22.
Be3 Qf8 23. Bf2 Qd6 24. f4 Ng4 1/2-1/2

[Event "PRVA LIGA CENTRALNE SRBIJE 2018."]
[Site "Kragujevac,hotel Sumarice"]
[Date "2018.09.22"]
[Round "11.6"]
[White "Damljanovic, Branko"]
[Black "Petkov, Vladimir"]
[Result "1/2-1/2"]
[WhiteElo "2470"]
[BlackElo "2510"]
[PlyCount "21"]
[EventDate "2018.09.14"]
[WhiteTeam "Vladimirci"]
[BlackTeam "Progres  Pirot"]

1. Nf3 Nf6 2. c4 e6 3. d4 Bb4+ 4. Bd2 Bxd2+ 5. Qxd2 O-O 6. Nc3 d5 7. e3 Qe7 8.
Rc1 Rd8 9. Bd3 dxc4 10. Bxc4 c5 11. O-O 1/2-1/2